U.S Air Force ranks Quiz Stats

 Plays Quiz not verified by Sporcle

Score 0/24 Timer 11:00
0 Plays Today
% Correct
Airman
96.2%
Airman first class
92.3%
Airman basic
88.5%
Senior airman
84.6%
Technical sergeant
80.8%
Staff sergeant
76.9%
Master sergeant
73.1%
Senior master sergeant
69.2%
Second lieutenant
69.2%
Chief master sergeant
65.4%
First lieutenant
65.4%
Colonel
65.4%
% Correct
Major
61.5%
Lieutenant colonel
61.5%
General
61.5%
First sergeant
53.8%
First sergeant
53.8%
Brigadier general
53.8%
Chief master sergeant of the air force
50%
Major general
50%
General of the air force
50%
Lieutenant general
46.2%
Command chief master sergeant
42.3%
Captin
26.9%

You're not logged in!

Compare scores with friends on all Sporcle quizzes.
OR
Log In

Show Comments

Extras

Created Feb 22, 2012ReportNominate
Tags:air, Air Force, force

Top Quizzes Today


Score Distribution

Your Account Isn't Verified!

In order to create a playlist on Sporcle, you need to verify the email address you used during registration. Go to your Sporcle Settings to finish the process.

Report this User

Report this user for behavior that violates our Community Guidelines.

Details: